Statistics for Oldest Living Person since 1988

Click here to take the quiz!

General Stats

  • This quiz has been taken 9 times
    (3 since last reset)
  • The average score is 11 of 37

Answer Stats

HintAnswer% Correct
116y, 54dJiroemon Kimura
100%
119y, 107dKane Tanaka
100%
118y, 340dLucile Randon
100%
Maria Branyas Morera
100%
117y, 189dViolet Brown
100%
116y, 100dBesse Cooper
50%
117y, 81dChiyo Miyako
50%
115y, 156dEmiliano Mercado del Toro
50%
117y, 137dEmma Morano
50%
115y, 158dGertrude Baines
50%
116y, 276dGertrude Weaver
50%
122y, 164dJeanne Calment
50%
117y, 260dNabi Tajima
50%
119y, 97dSarah Knauss
50%
116y, 311dSusannah Mushatt Jones
50%
114y, 189dYukichi Chuganji
50%
114y, 183dAdelina Domingues
0%
115y, 257dDina Manfredini
0%
115y, 220dEdna Parker
0%
116y, 118dElizabeth Bolden
0%
114y, 67dEmma Tillman
0%
114y, 261dEugénie Blanchard
0%
114y, 360dEva Morris
0%
114y, 194dGrace Clawson
0%
116y, 25dJeralean Talley
0%
114y, 357dKama Chinen
0%
113y, 343dMae Harrington
0%
116y, 347dMaría Capovilla
0%
115y, 114dMaria de Jesus
0%
114y, 347dMaria Gomes Valentim
0%
115y, 42dMarie Brémont
0%
117y, 230dMarie-Louise Meilleur
0%
115y, 56dMaude Farris-Luse
0%
117y, 27dMisao Ōkawa
0%
114y, 182dMitoyo Kawate
0%
114y, 272dRamona Iglesias-Jordan
0%
114y, 221dYone Minagawa
0%

Score Distribution

Percentile by Number Answered

Percent of People with Each Score

Your Score History

You have not taken this quiz since the last reset